Vista normal
Vista MARC
Entrada Materia (reunión)
Número de registros utilizados en: 1
001 - CONTROL NUMBER
- control field: 158658
003 - CONTROL NUMBER IDENTIFIER
- control field: Co-BoUCM
005 - DATE AND TIME OF LATEST TRANSACTION
- control field: 20211110120321.0
008 - FIXED-LENGTH DATA ELEMENTS
- fixed length control field: 211110|| aca||aabn | a|a d
040 ## - CATALOGING SOURCE
- Original cataloging agency: Co-BoUCM
- Transcribing agency: Co-BoUCM
111 ## - HEADING--MEETING NAME
- Meeting name or jurisdiction name as entry element: Seminario internacional el derecho a la salud y la equidad en los servicios de salud (
- Date of meeting: 2001 : abr. 27-28
- Location of meeting: Bogotá)
670 ## - SOURCE DATA FOUND
- Source citation: Work cat.: (Co-BoUCM)34027: Seminario internacional el derecho a la salud y la equidad en los servicios de salud ( 2001 : abr. 27-28 Bogotá), ¿Equidad? el problema de la equidad financiera en salud, 2001